Tilastot visalle Suomalaisten yhtyeiden laulajat

Klikkaa tästä pelataksesi tätä visaa!

Yleistilastot

  • Tätä visaa on pelattu 401 kertaa
  • Keskiarvotulos 14 / 28

Vastaustilastot

YhtyeLaulaja% Oikein
Olli Lindholm
91%
ApulantaToni Wirtanen
84%
PopedaPate Mustajärvi
81%
Haloo HelsinkiElli Haloo
81%
HIMVille Valo
79%
The RasmusLauri Ylönen
77%
DingoPertti Neumann
70%
Eppu NormaaliMartti Syrjä
69%
Neljä RuusuaIlkka Alanko
66%
HurriganesRemu Aaltonen
64%
YölintuSimo Silmu
59%
Hassisen koneIsmo Alanko
59%
NegativeJonne Aaron
59%
TiktakPetra
56%
Leevi and the LeavingsGösta Sundqvist
52%
Kolmas NainenPauli Hanhiniemi
50%
Zen CafeSamuli Putro
49%
HapporadioAki Tykki
47%
TeräsbetoniJarkko Ahola
45%
Children of BodomAlexi Laiho
31%
The CrashTeemu Brunila
27%
StratovariusTimo Kotipelto
22%
MiljoonasadeHeikki Salo
22%
YUPJarkko Martikainen
20%
Sonata ArcticaTony Kakko
16%
Neon 2Jussi Rainio
14%
TehosekoitinOtto Grundström
11%
UniklubiJussi Selo
9%

Tulosjakauma

Persentiili vastausten määrän mukaan

Jokaisen tuloksen saaneiden osuus

Tuloshistoriasi

Et ole pelannut tätä visaa